Techniques of financial analysis / (Record no. 129144)

MARC details
000 -LEADER
fixed length control field 00703nam a22002417a 4500
005 - DATE AND TIME OF LATEST TRANSACTION
control field 20170124110051.0
010 ## - LIBRARY OF CONGRESS CONTROL NUMBER
LC control number A-575993
020 ## - INTERNATIONAL STANDARD BOOK NUMBER
Terms of availability 00.00
International Standard Book Number 8172240678
035 ## - SYSTEM CONTROL NUMBER
System control number A-575993
037 ## - SOURCE OF ACQUISITION
Source of stock number/acquisition Cen Lib/Ret
040 ## - CATALOGING SOURCE
Original cataloging agency DPL
Language of cataloging EN
082 ## - DEWEY DECIMAL CLASSIFICATION NUMBER
Classification number 658.15
Item number HEL
100 ## - MAIN ENTRY--PERSONAL NAME
Personal name Helfert, Erich A.
9 (RLIN) 25549
245 ## - TITLE STATEMENT
Title Techniques of financial analysis /
Statement of responsibility, etc by Erich A. Helfert
250 ## - EDITION STATEMENT
Edition statement 7th ed
260 ## - PUBLICATION, DISTRIBUTION, ETC. (IMPRINT)
Place of publication, distribution, etc Delhi
Name of publisher, distributor, etc Jaico Publishing House
Date of publication, distribution, etc 1992
270 ## - ADDRESS
Address 121, M.G Road
City Delhi
300 ## - PHYSICAL DESCRIPTION
Extent xiv,506p.
Dimensions 21cm(Hb)
500 ## - GENERAL NOTE
General note Includes appendix and index
650 ## - SUBJECT ADDED ENTRY--TOPICAL TERM
Topical term or geographic name as entry element Financial anlysis
9 (RLIN) 86493
650 ## - SUBJECT ADDED ENTRY--TOPICAL TERM
Topical term or geographic name as entry element Financial system
9 (RLIN) 16981
942 ## - ADDED ENTRY ELEMENTS (KOHA)
Source of classification or shelving scheme Dewey Decimal Classification
Koha item type English Books
Classification part 658.15
Call number suffix HEL
Holdings
Withdrawn status Lost status Damaged status Not for loan Home library Current library Date acquired Source of acquisition Cost, normal purchase price Total Checkouts Full call number Barcode Date last seen Copy number Cost, replacement price Price effective from Koha item type Public note
Written off       Central Library Central Library 04/07/2015 Cen Lib/Ret 0.00   658.15 HEL A-575993 04/07/2015 1 0.00 04/07/2015 English Books W/d List No. 6873/11; dtd 20/08/2020

© Delhi Public Library
Hit Counter
free hit counter